[Event "SWE-chT 0910"]
[Site "Sweden"]
[Date "2010.02.27"]
[Round "8"]
[White "Iversen, Kent"]
[Black "Degerman, Lars"]
[Result "0-1"]
[WhiteElo "2078"]
[BlackElo "2492"]
[PlyCount "88"]
[EventDate "2009.10.16"]
[EventType "team"]
[EventRounds "11"]
[EventCountry "SWE"]
[SourceTitle "EXT 2011"]
[Source "ChessBase"]
[SourceDate "2010.11.26"]
[SourceVersion "1"]
[SourceVersionDate "2010.11.26"]
[SourceQuality "1"]
[WhiteTeam "Farsta"]
[BlackTeam "Viking"]
[WhiteTeamCountry "SWE"]
[BlackTeamCountry "SWE"]

1. d4 d5 2. c4 dxc4 3. e3 Nf6 4. Bxc4 e6 5. Nc3 a6 6. a4 c5 7. Nf3 Nc6 8. 0-0 Be7 9. Qe2 cxd4 10. Rd1 0-0 11. exd4 Nb4 12. Bf4 b6 13. Ne5 Bb7 14. Rac1 Nfd5 15. Bd2 Bg5 16. Nxd5 Nxd5 17. Bd3 Nf4 18. Bxf4 Bxf4 19. Rc4 Qg5 20. Be4 Bxe4 21. Qxe4 Bxh2+ 22. Kf1 Bxe5 23. dxe5 Qh5 24. Rcd4 Rac8 25. b4 g6 26. Kg1 b5 27. a5 Qg5 28. g3 Rc3 29. Qb7 Rfc8 30. Qxa6 Rxg3+ 31. fxg3 Qxg3+ 32. Kf1 Qf3+ 33. Kg1 Rc3 34. R4d3 Rxd3 35. Rxd3 Qxd3 36. Qc8+ Kg7 37. Qc5 h5 38. Qb6 h4 39. Qb7 Qg3+ 40. Kh1 Qe1+ 41. Kg2 g5 42. a6 g4 43. a7 h3+ 44. Kh2 Qf2+ 0-1

[Event "SWE-chT 0910"]
[Site "Sweden"]
[Date "2010.01.16"]
[Round "6"]
[White "Lindgren, Mats"]
[Black "Iversen, Kent"]
[Result "1-0"]
[WhiteElo "2241"]
[BlackElo "2078"]
[PlyCount "91"]
[EventDate "2009.10.16"]
[EventType "team"]
[EventRounds "11"]
[EventCountry "SWE"]
[SourceTitle "EXT 2011"]
[Source "ChessBase"]
[SourceDate "2010.11.26"]
[SourceVersion "1"]
[SourceVersionDate "2010.11.26"]
[SourceQuality "1"]
[WhiteTeam "Umea Rockaden"]
[BlackTeam "Farsta"]
[WhiteTeamCountry "SWE"]
[BlackTeamCountry "SWE"]

1. e4 c5 2. c3 Nf6 3. e5 Nd5 4. d4 cxd4 5. Nf3 Nc6 6. Bc4 Nb6 7. Bb3 d6 8. exd6 Qxd6 9. 0-0 Be6 10. Bxe6 Qxe6 11. Nxd4 Nxd4 12. Qxd4 Rd8 13. Qh4 Qe2 14. Bd2 Qc4 15. Qg3 g6 16. Re1 Bg7 17. Bg5 f6 18. Na3 Qc6 19. Be3 Nc8 20. Nc2 e5 21. f4 0-0 22. fxe5 fxe5 23. Qg4 a5 24. Rad1 h5 25. Qe2 Nd6 26. Rf1 Nf5 27. Bf2 Nd6 28. Ne3 Ne4 29. Rxd8 Rxd8 30. Qc4+ Kh7 31. Qxc6 bxc6 32. Nc4 a4 33. Re1 Nxf2 34. Kxf2 Rd5 35. Ke2 Kh6 36. Nb6 Ra5 37. Kf3 Kg5 38. Ke4 Kf6 39. Rd1 Ke7 40. Rd7+ Kf6 41. Rc7 a3 42. b4 Ra6 43. Rxc6+ Kf7 44. b5 Ra7 45. c4 Bf8 46. Nd5 1-0

[Event "SWE-chT 0809"]
[Site "Sweden"]
[Date "2009.03.13"]
[Round "9"]
[White "Penalver, Osmani"]
[Black "Iversen, Kent"]
[Result "1-0"]
[WhiteElo "2279"]
[BlackElo "2050"]
[PlyCount "71"]
[EventDate "2008.10.25"]
[EventType "team-tourn"]
[EventRounds "11"]
[EventCountry "SWE"]
[SourceTitle "EXT 2011"]
[Source "ChessBase"]
[SourceDate "2010.11.26"]
[SourceVersion "1"]
[SourceVersionDate "2010.11.26"]
[SourceQuality "1"]

1. d4 Nf6 2. c4 e5 3. dxe5 Ng4 4. Nf3 Bc5 5. e3 Nc6 6. a3 a5 7. b3 Ngxe5 8. Bb2 d6 9. Nxe5 Nxe5 10. Be2 0-0 11. 0-0 Re8 12. Nc3 Bd7 13. Nd5 c6 14. b4 Ba7 15. Nf4 Qe7 16. Qd2 Rad8 17. Qc3 Qg5 18. Rfd1 Bg4 19. Bxg4 Nxg4 20. c5 f6 21. h3 Ne5 22. cxd6 b5 23. Qb3+ Nc4 24. Bd4 a4 25. Qa2 Bxd4 26. Rxd4 Kh8 27. Rad1 Rd7 28. Qc2 Ne5 29. Kf1 Qh6 30. Qc5 g5 31. Nd3 Nc4 32. Qxc6 Red8 33. Nc5 g4 34. hxg4 Rg7 35. Ne6 Rxg4 36. Rxg4 1-0

[Event "SWE-chT2 0708"]
[Site "Sweden"]
[Date "2008.03.07"]
[Round "7"]
[White "Iversen, Kent"]
[Black "Lejhall, Jens"]
[Result "1-0"]
[WhiteElo "2031"]
[BlackElo "2023"]
[PlyCount "99"]
[EventDate "2007.10.20"]
[EventType "team"]
[EventRounds "9"]
[EventCountry "SWE"]
[SourceTitle "EXT 2009"]
[Source "ChessBase"]
[SourceDate "2008.11.26"]
[SourceVersion "1"]
[SourceVersionDate "2008.11.26"]
[SourceQuality "1"]
[WhiteTeam "Farsta"]
[BlackTeam "Orgryte"]
[WhiteTeamCountry "SWE"]
[BlackTeamCountry "SWE"]

1. d4 Nf6 2. Nf3 g6 3. g3 Bg7 4. Bg2 0-0 5. c4 d5 6. 0-0 dxc4 7. Qa4 c5 8. dxc5 Nc6 9. Qxc4 Be6 10. Qh4 h5 11. Nc3 Qa5 12. Ng5 Bd7 13. Rd1 Rad8 14. h3 Qxc5 15. a3 Bf5 16. Be3 Qe5 17. Bf4 Qa5 18. e4 Bc8 19. Nd5 Nxd5 20. exd5 Nd4 21. Bd2 Qb5 22. Bb4 Nf5 23. Qe4 Bf6 24. Qf4 a5 25. Bc3 Qb6 26. Ne4 Bg7 27. Bxg7 Kxg7 28. g4 hxg4 29. hxg4 Nh6 30. Qe5+ f6 31. Qxe7+ Rf7 32. Qc5 Qxc5 33. Nxc5 Nxg4 34. Ne6+ Bxe6 35. dxe6 Rxd1+ 36. Rxd1 Re7 37. Bxb7 Ne5 38. Bd5 Rc7 39. b4 axb4 40. axb4 Kf8 41. b5 Rc5 42. b6 Rb5 43. b7 Ke7 44. Ra1 Kd6 45. Rd1 Ke7 46. Kg2 g5 47. Ra1 Nd3 48. Ra7 Kd6 49. e7 Nf4+ 50. Kh2 1-0

[Event "SWE-chT2 0708"]
[Site "Sweden"]
[Date "2007.10.21"]
[Round "2"]
[White "Iversen, Kent"]
[Black "Lehtonen, Ture"]
[Result "0-1"]
[WhiteElo "2076"]
[BlackElo "2110"]
[PlyCount "151"]
[EventDate "2007.10.20"]
[EventType "team"]
[EventRounds "9"]
[EventCountry "SWE"]
[SourceTitle "EXT 2009"]
[Source "ChessBase"]
[SourceDate "2008.11.26"]
[SourceVersion "1"]
[SourceVersionDate "2008.11.26"]
[SourceQuality "1"]
[WhiteTeam "Farsta"]
[BlackTeam "Lundby"]
[WhiteTeamCountry "SWE"]
[BlackTeamCountry "SWE"]

1. c4 b6 2. Nc3 e6 3. Nf3 Bb7 4. e4 Bb4 5. d3 Bxc3+ 6. bxc3 Ne7 7. Be2 0-0 8. 0-0 f5 9. e5 Ng6 10. d4 d6 11. Ng5 Qe8 12. f4 h6 13. Nf3 Nc6 14. Qe1 Na5 15. Qg3 Nh8 16. Nd2 Qa4 17. Re1 Ba6 18. Bd1 Qd7 19. d5 Rae8 20. Bb3 c5 21. dxc6 Qxc6 22. Ba3 Nf7 23. Rad1 Nb7 24. exd6 Nc5 25. Qe3 Bb7 26. Nf3 Nxd6 27. Re2 Nde4 28. Ne5 Qc7 29. Bc2 Rd8 30. Ree1 Rfe8 31. Rd4 Nf6 32. h3 Nce4 33. Red1 g5 34. g3 Kh7 35. Kh2 gxf4 36. gxf4 Rg8 37. Rg1 Rxg1 38. Kxg1 Rg8+ 39. Kh2 Rg3 40. Qe1 Qg7 41. Qf1 Nf2 42. Ng4 Rxg4 43. hxg4 N6xg4+ 44. Kg1 Ne3+ 45. Kxf2 Nxf1 46. Ba4 Qg2+ 47. Ke1 Bc6 48. Bxc6 Qxc6 49. Kxf1 Qf3+ 50. Kg1 Qxc3 51. Rd7+ Kg6 52. Bd6 Qxc4 53. Be5 Qxa2 54. Rg7+ Kh5 55. Rg2 Qa3 56. Kh2 a5 57. Rg3 Qa2+ 58. Rg2 Qc4 59. Kg3 Kg6 60. Kh4+ Kf7 61. Rg7+ Ke8 62. Kh5 Kd8 63. Kxh6 b5 64. Rb7 b4 65. Rb8+ Kd7 66. Rb7+ Kc6 67. Rc7+ Kd5 68. Rxc4 Kxc4 69. Kg6 a4 70. Kf6 a3 71. Kxe6 b3 72. Kxf5 b2 73. Bxb2 axb2 74. Ke6 b1Q 75. f5 Qe4+ 76. Kf6 0-1